[Event "CPV-ch"]
[Site "Mindelo"]
[Date "2021.11.18"]
[Round "4"]
[White "Ortega Amarelle, Mariano"]
[Black "Monteiro, Antonio David Cabra"]
[Result "1-0"]
[WhiteElo "2465"]
[BlackElo "1795"]
[PlyCount "63"]
[EventDate "2021.11.15"]
[EventType "tourn"]
[EventRounds "9"]
[EventCountry "KAP"]
[SourceTitle "CBM 205 Extra"]
[Source "ChessBase"]
[SourceDate "2022.01.31"]
[SourceVersion "1"]
[SourceVersionDate "2022.01.31"]
[SourceQuality "1"]

1. e4 d6 2. d4 Nf6 3. Nc3 c6 4. Nf3 g6 5. Bd3 Bg7 6. Be3 0-0 7. Qd2 Ng4 8. Bg5 f6 9. Bh4 Qc7 10. h3 Nh6 11. a4 a5 12. Rd1 b6 13. Bc4+ e6 14. 0-0 d5 15. Bg3 Qd7 16. Bb3 Nf7 17. Rfe1 Bh6 18. Bf4 g5 19. Be3 Kh8 20. Nh2 f5 21. exf5 exf5 22. f4 g4 23. hxg4 fxg4 24. f5 Bxe3+ 25. Qxe3 h5 26. f6 Qd6 27. Qe7 Nd7 28. Re6 Qf4 29. Rxc6 Ba6 30. Nxd5 Qg3 31. Qe3 Qh4 32. Ne7 1-0